សុភីដាំជ្រូក​ / (Record no. 8834)

MARC details
000 -LEADER
fixed length control field 01296nam a22003017a 4500
001 - CONTROL NUMBER
control field 8834
003 - CONTROL NUMBER IDENTIFIER
control field FISKH
005 - DATE AND TIME OF LATEST TRANSACTION
control field 20251022112713.0
008 - FIXED-LENGTH DATA ELEMENTS--GENERAL INFORMATION
fixed length control field 251022b cb ||||| |||| 00| 0 eng d
040 ## - CATALOGING SOURCE
Original cataloging agency FISKH
Language of cataloging khr
Transcribing agency FISKH
Modifying agency FISKH
050 ## - LIBRARY OF CONGRESS CALL NUMBER
Classification number PZ7
082 ## - DEWEY DECIMAL CLASSIFICATION NUMBER
Classification number 895
100 ## - MAIN ENTRY--PERSONAL NAME
Personal name Phana, Sat Kolab
245 ## - TITLE STATEMENT
Title សុភីដាំជ្រូក​ /
Statement of responsibility, etc. អ្នកនិពន្ធ សាត កុលាបផាន់ណា​
260 ## - PUBLICATION, DISTRIBUTION, ETC.
Place of publication, distribution, etc. Phnom Penh :
Name of publisher, distributor, etc. មូលនិធិអាសុី ,​
Date of publication, distribution, etc. 2020.
300 ## - PHYSICAL DESCRIPTION
Extent 16 pages :
Other physical details color illustrations ;
Dimensions 30 cm .
490 ## - SERIES STATEMENT
Series statement Let's Read
505 ## - FORMATTED CONTENTS NOTE
Formatted contents note H <br/>
520 ## - SUMMARY, ETC.
Summary, etc. សុភីឃើញមីងចំណានមានជ្រូកច្រើន ដូច្នេះនាងក៏មានគំនិតចង់បានជ្រូកមួយក្បាលយកទៅដាំ ។​
520 ## - SUMMARY, ETC.
Summary, etc. "Sophea saw that Aunt Channan had many pigs, so she had the idea of wanting to get one to raise."
521 ## - TARGET AUDIENCE NOTE
Target audience note 400 <br/>
Source Lexile estimate <br/>
521 ## - TARGET AUDIENCE NOTE
Target audience note H <br/>
Source Raz-Plus <br/>
650 ## - SUBJECT ADDED ENTRY--TOPICAL TERM
Topical term or geographic name entry element សុភីដាំជ្រូក
Form subdivision រឿងនិទានកុមារ
650 ## - SUBJECT ADDED ENTRY--TOPICAL TERM
Topical term or geographic name entry element Sophy plants pig
Form subdivision Children's Stories
700 ## - ADDED ENTRY--PERSONAL NAME
Personal name Sreynuch , Sorn
Relator term Illustrator
942 ## - ADDED ENTRY ELEMENTS (KOHA)
Source of classification or shelving scheme Dewey Decimal Classification
Koha item type Khmer Books
Suppress in OPAC No
Holdings
Withdrawn status Lost status Source of classification or shelving scheme Damaged status Not for loan Collection Home library Current library Shelving location Date acquired Total Checkouts Full call number Barcode Date last seen Price effective from Koha item type
    Dewey Decimal Classification     Khmer Language Books / សៀវភៅភាសាខ្មែរ Footprints International School Library Network Toul Tom Poung Campus Footprints International School Library Network Toul Tom Poung Campus TTP Primary Khmer Bookshelves 10/22/2025   PHA PZ7 895 2025-4703 10/22/2025 10/22/2025 Khmer Books